[Event "TUR-chT"]
[Site "Konya"]
[Date "2012.07.20"]
[Round "11"]
[White "Yagiz, Yasin Emrah"]
[Black "Coban, Menderes"]
[Result "1-0"]
[WhiteElo "2264"]
[BlackElo "1925"]
[PlyCount "77"]
[EventDate "2012.07.11"]
[EventType "team-tourn"]
[EventRounds "13"]
[EventCountry "TUR"]
[SourceTitle "CBM 149 Extra"]
[Source "ChessBase"]
[SourceDate "2012.08.24"]
[SourceVersion "1"]
[SourceVersionDate "2012.08.24"]
[SourceQuality "1"]
[WhiteTeam "Istanbul Pera"]
[BlackTeam "Adana Truva"]
[WhiteTeamCountry "TUR"]
[BlackTeamCountry "TUR"]

1. Nf3 c5 2. c4 Nc6 3. g3 g6 4. Bg2 Bg7 5. 0-0 Nf6 6. d4 cxd4 7. Nxd4 0-0 8. Nc2 d6 9. Nc3 a6 10. b3 Ne4 11. Nxe4 Bxa1 12. Nxa1 Qa5 13. Bb2 Qxa2 14. Qd2 h6 15. Nc3 Qa5 16. Qxh6 Qh5 17. Qd2 Bh3 18. Bf3 Qh7 19. Re1 Rab8 20. Nc2 Ne5 21. Nd5 Rfe8 22. Nd4 b5 23. cxb5 axb5 24. Be4 Bd7 25. h4 f5 26. Bg2 Ng4 27. Nc7 Rec8 28. Bd5+ Kf8 29. Nde6+ Bxe6 30. Nxe6+ Ke8 31. Ng7+ Kf8 32. Ne6+ Ke8 33. Ng5 Qh6 34. Bf7+ Kf8 35. f3 Qh5 36. fxg4 Qxg4 37. Kh2 Qh5 38. Bd5 Ke8 39. Bg7 1-0

[Event "TUR-chT"]
[Site "Konya"]
[Date "2012.07.19"]
[Round "10"]
[White "Tuncer, Tuna"]
[Black "Coban, Menderes"]
[Result "1-0"]
[WhiteElo "1770"]
[BlackElo "1925"]
[PlyCount "69"]
[EventDate "2012.07.11"]
[EventType "team-tourn"]
[EventRounds "13"]
[EventCountry "TUR"]
[SourceTitle "CBM 149 Extra"]
[Source "ChessBase"]
[SourceDate "2012.08.24"]
[SourceVersion "1"]
[SourceVersionDate "2012.08.24"]
[SourceQuality "1"]
[WhiteTeam "Manisa TS Alyans"]
[BlackTeam "Adana Truva"]
[WhiteTeamCountry "TUR"]
[BlackTeamCountry "TUR"]

1. e4 e6 2. d4 d5 3. Nc3 Nf6 4. e5 Nfd7 5. f4 c5 6. Nf3 Nc6 7. Be3 a6 8. Qd2 Qa5 9. Be2 cxd4 10. Nxd4 Bb4 11. 0-0 Nc5 12. Nb3 Bxc3 13. bxc3 Nxb3 14. axb3 Qc7 15. b4 0-0 16. Bc5 Re8 17. Bd3 Bd7 18. Rf3 g6 19. Qf2 Ne7 20. Rh3 Nf5 21. g4 Ng7 22. Qh4 h5 23. gxh5 Nxh5 24. Be2 Qd8 25. Bxh5 Qxh4 26. Rxh4 gxh5 27. Kf2 f5 28. Rxh5 Kf7 29. Rh7+ Kg6 30. Rxd7 Rh8 31. Rg1+ Kh6 32. Rdg7 Rae8 33. R1g5 b5 34. Kg3 Rc8 35. Kh4 1-0

[Event "TUR-chT"]
[Site "Konya"]
[Date "2012.07.18"]
[Round "9"]
[White "Erdogan, Hakan"]
[Black "Coban, Menderes"]
[Result "1-0"]
[WhiteElo "2260"]
[BlackElo "1925"]
[PlyCount "36"]
[EventDate "2012.07.11"]
[EventType "team-tourn"]
[EventRounds "13"]
[EventCountry "TUR"]
[SourceTitle "CBM 149 Extra"]
[Source "ChessBase"]
[SourceDate "2012.08.24"]
[SourceVersion "1"]
[SourceVersionDate "2012.08.24"]
[SourceQuality "1"]
[WhiteTeam "Istanbul Teknik Uni"]
[BlackTeam "Adana Truva"]
[WhiteTeamCountry "TUR"]
[BlackTeamCountry "TUR"]

1. d4 e6 2. c4 Bb4+ 3. Nc3 Nf6 4. f3 d5 5. a3 Bxc3+ 6. bxc3 c6 7. e3 Qa5 8. Qd2 0-0 9. Bd3 Qa4 10. cxd5 exd5 11. Ne2 Na6 12. 0-0 Nc7 13. e4 dxe4 14. fxe4 Ne6 15. Bc2 Qa5 16. Qd3 Qh5 17. e5 Ng4 18. h3 Nh6 1-0

[Event "TUR-chT"]
[Site "Konya"]
[Date "2012.07.15"]
[Round "5"]
[White "Coban, Menderes"]
[Black "Duman, Aydin"]
[Result "0-1"]
[WhiteElo "1925"]
[BlackElo "2215"]
[PlyCount "100"]
[EventDate "2012.07.11"]
[EventType "team-tourn"]
[EventRounds "13"]
[EventCountry "TUR"]
[SourceTitle "CBM 149 Extra"]
[Source "ChessBase"]
[SourceDate "2012.08.24"]
[SourceVersion "1"]
[SourceVersionDate "2012.08.24"]
[SourceQuality "1"]
[WhiteTeam "Adana Truva"]
[BlackTeam "Mersin Ezgi"]
[WhiteTeamCountry "TUR"]
[BlackTeamCountry "TUR"]

1. d4 Nf6 2. Bf4 g6 3. e3 Bg7 4. Nf3 0-0 5. Bd3 d6 6. h3 Nbd7 7. 0-0 Qe8 8. Nc3 e5 9. dxe5 dxe5 10. Nb5 exf4 11. Nxc7 Qd8 12. Nxa8 fxe3 13. Bb5 exf2+ 14. Rxf2 Qa5 15. a4 a6 16. b4 Qxb4 17. Bxd7 Nxd7 18. Rb1 Qc5 19. Kf1 b6 20. Rd2 Qc6 21. Rxd7 Bxd7 22. Nxb6 Bf5 23. Nd5 Qc4+ 24. Kg1 Bxc2 25. Ne3 Bxd1 26. Nxc4 Bxa4 27. Rb6 Rc8 28. Nd6 Ra8 29. Rb7 Bc6 30. Rc7 Bxf3 31. gxf3 Be5 32. Rc6 Bxd6 33. Rxd6 a5 34. Rd3 a4 35. Ra3 Kg7 36. Kf2 Kf6 37. Ke3 Kg5 38. f4+ Kf5 39. Kf3 Ra7 40. Ke3 Re7+ 41. Kf3 Re4 42. Kg3 Rxf4 43. Rc3 Re4 44. Kf3 Re5 45. Rc7 Ra5 46. Rxf7+ Kg5 47. Kg3 a3 48. h4+ Kh6 49. Rf1 a2 50. Ra1 Kh5 0-1

[Event "TUR-chT"]
[Site "Konya"]
[Date "2012.07.14"]
[Round "4"]
[White "Coban, Menderes"]
[Black "Muzychuk, Mariya"]
[Result "0-1"]
[WhiteElo "1925"]
[BlackElo "2456"]
[PlyCount "30"]
[EventDate "2012.07.11"]
[EventType "team-tourn"]
[EventRounds "13"]
[EventCountry "TUR"]
[SourceTitle "CBM 149 Extra"]
[Source "ChessBase"]
[SourceDate "2012.08.24"]
[SourceVersion "1"]
[SourceVersionDate "2012.08.24"]
[SourceQuality "1"]
[WhiteTeam "Adana Truva"]
[BlackTeam "Besiktas Jimnastik"]
[WhiteTeamCountry "TUR"]
[BlackTeamCountry "TUR"]

1. e4 c5 2. Nf3 e6 3. d4 cxd4 4. Nxd4 Nf6 5. Nc3 Nc6 6. Be3 Bb4 7. Bd3 d5 8. Nxc6 bxc6 9. exd5 Nxd5 10. Bd4 Nxc3 11. bxc3 Qxd4 12. 0-0 Bxc3 13. Rb1 0-0 14. Qf3 e5 15. Rfd1 Bg4 0-1